00489nam a2200181 a 4500001001300000003000900013005001700022008004100039020002600080082001300106100002000119245003800139260003500177300000900212500003500221505003100256700002000287nice12345678IN_TiNIC20260116013141.0050524s1992 lona grp 000 0 eng  a0860121801 c3030.300a278bDUS aDussel, Enrique aChurch in Latin America 1492-1992 aLondonbBurns and Oates c1992 a453p aincludes index and biblioraphy2 aIndex, Notes, Bibliography1 aDussel, Enrique